| 000 | 00366nam a22001457a 4500 | ||
|---|---|---|---|
| 003 | OSt | ||
| 005 | 20160727222342.0 | ||
| 008 | 160620b xxu||||| |||| 00| 0 eng d | ||
| 040 | _cTEST | ||
| 100 |
_9131 _aPeter Haddock Ltd. |
||
| 245 |
_aFestival Fairy Tales _bFestival Fairy Tales |
||
| 260 |
_aEng _b Peter Haddock |
||
| 300 | _aFestival Fairy Tales | ||
| 942 |
_2ddc _cBK |
||
| 999 |
_c104 _d104 |
||